| 000 | 00787nam a2200241Ia 4500 | ||
|---|---|---|---|
| 005 | 20260616173546.0 | ||
| 008 | 260616s9999||||xx |||||||||||||| ||und|| | ||
| 020 |
_a9780753555637 _qpbk |
||
| 082 |
_a926 _bVAN |
||
| 100 | _aVance, Ashlee | ||
| 245 | 0 | _aElon Musk : how the billionaire CEO of SpaceX and Tesla is shaping our future | |
| 260 |
_aLondon _bVirgin Books, part of Penguin Random House Group _c2015 |
||
| 300 | _a392p. ; 23cm. | ||
| 653 | _aBusinesspeople--South Africa--Biography | ||
| 653 | _aBusinesspeople--United States--Biography | ||
| 653 | _aInventors--Biography | ||
| 653 | _aPayPal (Firm) | ||
| 653 | _aPerson in technology | ||
| 653 | _aSpaceX (Firm) | ||
| 653 | _aTechnological innovations--Economic aspects | ||
| 653 | _aTesla Motors | ||
| 942 | _cBK | ||
| 999 |
_c57203 _d57203 |
||